HOTEL AND FOOD SERVICE MARKETING (Record no. 229542)

MARC details
000 -LEADER
fixed length control field 00393pam a2200169 a 4500
020 ## - INTERNATIONAL STANDARD BOOK NUMBER
International Standard Book Number 0-304-32653-4
Terms of availability
041 ## - LANGUAGE CODE
Language code of original
082 ## - DEWEY DECIMAL CLASSIFICATION NUMBER
Classification number 647.940688
100 ## - MAIN ENTRY--PERSONAL NAME
Personal name BUTTLE F
Relator term Author
245 ## - TITLE STATEMENT
Title HOTEL AND FOOD SERVICE MARKETING
Statement of responsibility, etc. BUTTLE F
Medium Textual Documents
250 ## - EDITION STATEMENT
Edition statement 1st
260 ## - PUBLICATION, DISTRIBUTION, ETC.
Place of publication, distribution, etc. London
Name of publisher, distributor, etc. CASELL
300 ## - PHYSICAL DESCRIPTION
Extent 414
653 ## - INDEX TERM--UNCONTROLLED
Uncontrolled term Food services
700 ## - ADDED ENTRY--PERSONAL NAME
Relator term Co-Author
930 ## - EQUIVALENCE OR CROSS-REFERENCE-UNIFORM TITLE HEADING [LOCAL, CANADA]
Uniform title 2141
Holdings
Withdrawn status Lost status Damaged status Not for loan Collection Home library Current library Date acquired Source of acquisition Cost, normal purchase price Total Checkouts Full call number Barcode Date last seen Copy number Price effective from Koha item type
          Institute of Hotel Management & Catering Technology, Pune Institute of Hotel Management & Catering Technology, Pune 03/08/1994 The International book services, Pune 18.00   647.940688 HMP-DIP-210 07/03/2023 1 07/03/2023 Book